Citizen Reactions to Municipalities' Instagram Communication

V tomto dokumente skúmame, ako miestne samosprávy používajú Instagram ako komunikačný nástroj na zapojenie svojich občanov pomocou údajov z obcí Andalúzie (Španielsko). Snažíme sa identifikovať determinanty využívania Instagramu miestnou samosprávou, determinanty aktivity v tomto kanáli a determinan...

Descrizione completa

Salvato in:
Dettagli Bibliografici
Autore principale: Perea, David
Altri autori: Bonsón, Enrique, Bednárová, Michaela, 1987-
Natura: Capitolo di libro
Lingua:inglese
Soggetti:
Tags: Aggiungi Tag
Nessun Tag, puoi essere il primo ad aggiungerne!!

MARC

LEADER 00000naa a2200000 4500
001 0306090
005 20250529142129.5
041 0 |a eng 
044 |a US 
245 1 0 |a Citizen Reactions to Municipalities' Instagram Communication  |c David Perea, Enrique Bonsón, Michaela Bednárová 
520 |a V tomto dokumente skúmame, ako miestne samosprávy používajú Instagram ako komunikačný nástroj na zapojenie svojich občanov pomocou údajov z obcí Andalúzie (Španielsko). Snažíme sa identifikovať determinanty využívania Instagramu miestnou samosprávou, determinanty aktivity v tomto kanáli a determinanty reakcií občanov, aby sme pochopili vplyv typov médií (obrázok, video alebo album) používaných v príspevkoch samosprávy a porozumeli typ obsahu (o čom je príspevok). 
610 2 0 |a samospráva 
610 2 0 |a siete sociálne 
610 2 0 |a komunikácia 
610 2 0 |a občania 
100 1 |a Perea, David 
700 1 |a Bonsón, Enrique 
700 1 |a Bednárová, Michaela, 1987-